| 000 | 01012cam a2200313 a 4500 | ||
|---|---|---|---|
| 999 |
_c23123 _d23123 |
||
| 001 | vtls010088656 | ||
| 005 | 20220131101012.0 | ||
| 008 | 180730s2010 xr g 000 f slo | ||
| 020 |
_a9788072434503 _q(viaz.) |
||
| 035 | _aC68A2C31-D205-44CB-96B5-729DB4A80E0B | ||
| 035 | _aurn:nbn:sk:snk-amjftx | ||
| 035 | _aurn:nbn:sk:snk-am001koi | ||
| 040 |
_aPOKPOH _bslo _cPOKPOH _dSNK _eAACR2 |
||
| 041 | 0 |
_aslo _hcze |
|
| 044 |
_axr _cCZ |
||
| 072 | 7 |
_a821.162.3 _xČeská literatúra _2konspekt |
|
| 080 |
_a821.162.3-32 _22001 |
||
| 080 |
_a(0:82-322.5) _22001 |
||
| 100 | 1 |
_aNesvadbová, Barbara, _d1975- _92628 |
|
| 240 | 1 | 0 |
_aBestiář _lSlovensky |
| 245 | 1 | 0 |
_aBeštiár _cBarbara Nesvadbová ; [z čes. orig. ... preložila Eva Macháčková] |
| 250 | _a1. vyd. | ||
| 260 |
_aPraha _bBrána _c2010 |
||
| 300 |
_a151 s. _c19 cm |
||
| 500 | _aPreložené z češtiny | ||
| 655 | 7 |
_ačeské poviedky _2SNKPH _91800 |
|
| 655 | 7 |
_aerotické poviedky _2SNKPH _92629 |
|
| 700 | 1 |
_aMacháčková, Eva _4trl _92630 |
|